000 00855nam a2200265Ia 4500
003 OSt
005 20220927113510.0
006 a|||||r|||| 00| 0
007 ta
008 220926b |||||||| |||| 00| 0 eng d
020 _a0195647629
024 _a13850
037 _cTextbook
040 _aRTL
_cRTL
_beng
041 _2eng
_aeng
082 _a"X:9.2.N9, N9/RR/TD3"
100 _aShariff Abusaleh
_9386057
245 0 _aIndia
_b Human development report a profile of Indian States in the 1990s
260 _aNew
_bDelhi National Council of Applied Economic Research
_c1999
300 _a"xii, 368p"
_ccm.
490 _aNational Council of Applied Economic Research Publications
650 _aLabour Economics
942 _h"X:9.2.N9, N9/RR/TD3"
_cCC
999 _c702169
_d702169